000 00433nam a2200205Ia 4500
001 12714
003 GE_BSU
008 181216s||||||||xx |||||||||||||| ||und||
020 _a009468255
040 _cGE_BSU
080 _a821.111-31
100 _aLloyd,Josie Rees,Emlyn
245 _aLove Lives
260 _aLondon
260 _bArrow books
260 _c2003
300 _a358p.18cm.
653 _aLove Lives
942 _cBK
999 _c45885
_d45885